[Event "CAN-ch U12"]
[Site "Vancouver"]
[Date "2012.07.04"]
[Round "5"]
[White "D'Amore, Tyler"]
[Black "Rapin, Calvin"]
[Result "0-1"]
[WhiteElo "822"]
[BlackElo "847"]
[PlyCount "54"]
[EventDate "2012.07.03"]
[EventType "swiss"]
[EventRounds "7"]
[EventCountry "CAN"]
[SourceTitle "EXT 2022"]
[Source "ChessBase"]
[SourceDate "2021.10.06"]
[SourceVersion "1"]
[SourceVersionDate "2021.10.06"]
[SourceQuality "1"]

1. e3 d5 2. Qh5 Nf6 3. Qf3 e5 4. Qg3 Nc6 5. Nh3 g6 6. Bb5 Bd6 7. Bxc6+ bxc6 8. f3 e4 9. Qf2 Ba6 10. Nc3 exf3 11. gxf3 0-0 12. b3 Bc8 13. Qg2 Bxh3 14. Qxh3 c5 15. Bb2 d4 16. Ne2 dxe3 17. dxe3 Qe7 18. 0-0 Qxe3+ 19. Kh1 Qxe2 20. Bxf6 h5 21. Rfe1 Qxc2 22. Be7 Bxe7 23. Rxe7 Rae8 24. Rxe8 Rxe8 25. Qg2 Re2 26. Qg1 Qc3 27. Rc1 Qxf3+ 0-1

[Event "CAN-ch U12"]
[Site "Vancouver"]
[Date "2012.07.03"]
[Round "1"]
[White "Ju, Terrence"]
[Black "Rapin, Calvin"]
[Result "1-0"]
[WhiteElo "1268"]
[BlackElo "847"]
[PlyCount "103"]
[EventDate "2012.07.03"]
[EventType "swiss"]
[EventRounds "7"]
[EventCountry "CAN"]
[SourceTitle "EXT 2022"]
[Source "ChessBase"]
[SourceDate "2021.10.06"]
[SourceVersion "1"]
[SourceVersionDate "2021.10.06"]
[SourceQuality "1"]

1. d4 d5 2. c4 e6 3. Nc3 Bb4 4. Qb3 Bxc3+ 5. bxc3 Nf6 6. Bg5 0-0 7. Nf3 dxc4 8. Qxc4 h6 9. Bh4 Nc6 10. Ne5 Nxe5 11. dxe5 g5 12. Bg3 Nh5 13. e3 Qd7 14. Be2 Nxg3 15. hxg3 Kg7 16. Qe4 Qc6 17. Qxc6 bxc6 18. Bf3 Bb7 19. Rb1 Rab8 20. 0-0 Ba6 21. Rfd1 Rxb1 22. Rxb1 f6 23. exf6+ Kxf6 24. Bxc6 h5 25. Rd1 Bc8 26. Rb1 Ba6 27. Bb7 Bxb7 28. Rxb7 h4 29. gxh4 gxh4 30. Rxc7 a5 31. Rc5 Ra8 32. Rh5 a4 33. Rxh4 a3 34. Rh6+ Ke5 35. f4+ Kd6 36. f5 Rb8 37. Rxe6+ Kd5 38. e4+ Kc4 39. Rc6+ Kd3 40. e5 Kc2 41. e6 Kb2 42. e7 Kxa2 43. f6 Kb2 44. Ra6 a2 45. f7 a1Q+ 46. Rxa1 Kxa1 47. f8Q Rb1+ 48. Kh2 Rb2 49. e8Q Ra2 50. Qf1+ Kb2 51. Qeb5+ Kxc3 52. Qfd3# 1-0

[Event "CAN-ch U12"]
[Site "Vancouver"]
[Date "2012.07.03"]
[Round "2"]
[White "Rapin, Calvin"]
[Black "Chen, Daniel1111"]
[Result "0-1"]
[WhiteElo "847"]
[BlackElo "1055"]
[PlyCount "54"]
[EventDate "2012.07.03"]
[EventType "swiss"]
[EventRounds "7"]
[EventCountry "CAN"]
[SourceTitle "EXT 2022"]
[Source "ChessBase"]
[SourceDate "2021.10.06"]
[SourceVersion "1"]
[SourceVersionDate "2021.10.06"]
[SourceQuality "1"]

1. e4 e5 2. Nf3 Nc6 3. g3 Nf6 4. Nc3 Bc5 5. Bg2 0-0 6. 0-0 d6 7. d3 h6 8. b3 Bg4 9. Nd5 Nxd5 10. exd5 Ne7 11. Bb2 Bb6 12. Qd2 f5 13. h3 Bxf3 14. Bxf3 f4 15. gxf4 Rxf4 16. Be4 Ng6 17. d4 Rxe4 18. dxe5 Nxe5 19. Rae1 Rxe1 20. Qxe1 Nf3+ 21. Kg2 Nxe1+ 22. Rxe1 Qg5+ 23. Kf3 Rf8+ 24. Ke2 Re8+ 25. Kd1 Qxd5+ 26. Bd4 Qxd4+ 27. Kc1 Rxe1# 0-1